| 000 | 00863nam a2200265Ia 4500 | ||
|---|---|---|---|
| 003 | OSt | ||
| 005 | 20220927104108.0 | ||
| 006 | a|||||r|||| 00| 0 | ||
| 007 | ta | ||
| 008 | 220926b |||||||| |||| 00| 0 eng d | ||
| 024 | _a99983 | ||
| 037 | _cReference Collections | ||
| 040 |
_aRTL _cRTL _beng |
||
| 041 |
_2eng _aeng |
||
| 082 | _a"X9(J3).50j71.N8, M5/UN" | ||
| 110 | _aUnited Nations Economic Commission for Europe | ||
| 245 | 0 |
_aForest resourees of the EGE region _b" Europe U S S R, North America)" |
|
| 260 |
_aNew _bYork United Naitons USA _c1985 |
||
| 300 |
_a223p. _ccm. |
||
| 490 | _aFood and Agriculture Organizaiton Publicaiton | ||
| 650 |
_aFood Industry _9363485 |
||
| 700 | _aUnited Nations Economic Commission for Europe | ||
| 942 |
_h"X9(J3).50j71.N8, M5/UN" _cCC |
||
| 999 |
_c685756 _d685756 |
||